Loading...
Literature - British Literature | 0 | 6 | 0 | 0 | 60 | 57 | 105.83 | 0 | 3 |
History - Other History | 0 | 5 | 0 | 1 | 50 | 60 | 82.40 | 0 | 1 |
Literature - American Literature | 0 | 4 | 0 | 0 | 40 | 48 | 87.25 | 0 | 1 |
Literature - World/Other Literature | 0 | 4 | 0 | 0 | 40 | 64 | 95.25 | 1 | 2 |
Literature - European Literature | 0 | 4 | 1 | 0 | 35 | 51 | 90.25 | 0 | 2 |
History - European History | 0 | 3 | 0 | 1 | 30 | 112 | 123.67 | 0 | 0 |
History - American History | 0 | 3 | 1 | 0 | 25 | 91 | 105.00 | 0 | 0 |
History - World History | 0 | 3 | 1 | 1 | 25 | 76 | 94.00 | 0 | 0 |
Science - Other Science | 0 | 2 | 0 | 0 | 20 | 112 | 113.00 | 0 | 0 |
Fine Arts - Visual Fine Arts | 0 | 2 | 0 | 1 | 20 | 115 | 119.00 | 0 | 0 |
Religion | 0 | 2 | 0 | 0 | 20 | 116 | 117.00 | 0 | 0 |
Pop Culture | 0 | 1 | 0 | 0 | 10 | 74 | 74.00 | 1 | 1 |
Science - Physics | 0 | 1 | 0 | 0 | 10 | 104 | 104.00 | 0 | 0 |
Science - Biology | 0 | 1 | 0 | 1 | 10 | 114 | 114.00 | 0 | 0 |
Science - Chemistry | 0 | 1 | 0 | 1 | 10 | 124 | 124.00 | 0 | 0 |
Fine Arts - Other Fine Arts | 0 | 2 | 3 | 1 | 5 | 135 | 140.50 | 0 | 0 |
Social Science | 0 | 0 | 0 | 0 | 0 | 0.00 | 0 | 0 | |
Fine Arts - Classical Music | 0 | 1 | 2 | 0 | 0 | 137 | 137.00 | 0 | 0 |